United States air force (Record no. 372664)

000 -LEADER
fixed length control field 00418cam a22001337a 4500
008 - FIXED-LENGTH DATA ELEMENTS--GENERAL INFORMATION
fixed length control field 180718b1967 xxu||||| |||| 00| 0 eng d
082 ## - DEWEY DECIMAL CLASSIFICATION NUMBER
Classification number N13x73 M132
100 ## - MAIN ENTRY--PERSONAL NAME
Personal name MacCloskey, Monro
245 ## - TITLE STATEMENT
Title United States air force
Statement of responsibility, etc. by Monro MacCloskey
260 ## - PUBLICATION, DISTRIBUTION, ETC.
Place of publication, distribution, etc. New York
Name of publisher, distributor, etc. Praeger
Date of publication, distribution, etc. 1967
300 ## - PHYSICAL DESCRIPTION
Extent 244p.
500 ## - GENERAL NOTE
General note Praeger Library of U.S. Government Departments and Agencies, $5.95
650 ## - SUBJECT ADDED ENTRY--TOPICAL TERM
Topical term or geographic name entry element Aviation, Military - USA
Holdings
Withdrawn status Lost status Damaged status Not for loan Permanent Location Current Location Date acquired Full call number Barcode Date last seen Price effective from Koha item type
        Indian Institute of Public Administration Indian Institute of Public Administration 1994-06-16 N13x73 M132 42344 2018-07-21 2018-07-21 Book

Powered by Koha